| 000 | 00719nam a2200205 a 4500 | ||
|---|---|---|---|
| 005 | 20240215063702.0 | ||
| 008 | 991125s1984 mx 000 0 spa u | ||
| 020 | _a9682414938 | ||
| 035 | _aUPN01000011284 | ||
| 049 | _aCG | ||
| 050 | 4 |
_aH61 _bB5.37 |
|
| 100 | 1 |
_aBlalock, Hubert M., _d1927-1991 _930535 |
|
| 245 | 1 | 0 |
_aConstrucción de teorías en ciencias sociales : _bde las formulaciones verbales a las matemáticas / _cHubert M. Blalock ; tr. Luis Félix Flores. |
| 260 |
_aMéxico : _bTrillas, _cc1984. |
||
| 300 | _a214 p. | ||
| 440 | 0 | _aBiblioteca de sistemática educativa | |
| 650 | 4 |
_aCiencias sociales _xInvestigación _97497 |
|
| 650 | 4 |
_aCIENCIAS SOCIALES - _vMODELOS MATEMATICOS _910477 |
|
| 905 | _aLibro | ||
| 999 |
_c11284 _d11284 |
||